| 000 | 00958nam a2200205 a 4500 | ||
|---|---|---|---|
| 008 | 120416s2003 ||||||||||||||||| || u | ||
| 020 | _a1843763826 | ||
| 050 | _aHB 615 Sha | ||
| 100 | _aShane, Scott | ||
| 245 | 1 | 2 | _aA general theory of entreprenuership |
| 246 | _athe individual-opportunity nexus | ||
| 260 |
_aCheltenham _bEdward Elgar _c2003 |
||
| 300 | _axiv, 327p. | ||
| 350 | _a0.00 | ||
| 490 | _aNew horizons in entrepreneurship | ||
| 650 | 0 | _aENTREPRENEURSHIP | |
| 995 |
_aMAIN LIBRARY OPEN ACCESS _D0.00 _e736489 _FCBU-MAIN LIBRARY (Kitwe) _H3 _I25.00 _jHB 615 Sha _UAVAILABLE _WJul 17, 2006 _y40871 _ZMain Library Open Access Collection |
||
| 995 |
_aMAIN LIBRARY OPEN ACCESS _D0.00 _e736487 _FCBU-MAIN LIBRARY (Kitwe) _H2 _I25.00 _jHB 615 Sha _UAVAILABLE _y40874 _ZMain Library Open Access Collection |
||
| 995 |
_aMAIN LIBRARY OPEN ACCESS _D0.00 _e736488 _FCBU-MAIN LIBRARY (Kitwe) _H1 _I25.00 _jHB 615 Sha _UAVAILABLE _y40867 _ZMain Library Open Access Collection |
||
| 999 |
_c75839 _d75839 |
||